Wellness and fitness (Record no. 7181)

MARC details
000 -LEADER
fixed length control field 00444nam a2200169Ia 4500
008 - FIXED-LENGTH DATA ELEMENTS--GENERAL INFORMATION
fixed length control field 230917s9999||||xx |||||||||||||| ||und||
020 ## - ISBN
Price RS 595.00
040 ## - CATALOGING SOURCE
-- 5015820
Original cataloging agency VIVEKANANDA LIBRARY
041 ## - Language
-- English
082 ## - DDC NUMBER
Classification number 613.7 U6W
100 ## - MAIN ENTRY--PERSONAL NAME
Personal name Uppal, A K
245 #0 - TITLE STATEMENT
Title Wellness and fitness
260 ## - PUBLICATION, DISTRIBUTION, ETC. (IMPRINT)
Place of publication, distribution, etc New Delhi
Name of publisher, distributor, etc Friends Publications (India)
Date of publication, distribution, etc 2022
300 ## - PHYSICAL DESCRIPTION
Pages 126 p.
500 ## - GENERAL NOTE
General note 4783 16/12/2022 FP23/200 09/01/2023 Main Budget
942 ## - ADDED ENTRY ELEMENTS (KOHA)
Koha item type Books
Holdings
Withdrawn status Lost status Damaged status Not for loan Location (home branch) Sublocation or collection (holding branch) Date acquired Koha issues (times borrowed) Koha full call number Accession No. Koha date last seen Koha item type
        VIVEKANANDA LIBRARY VIVEKANANDA LIBRARY 07/02/2023   613.7 U6W 402309 17/09/2023 Books
© Designed and Maintained by Vivekananda Library, MDU Rohtak